000 nam a22 a 4500
999 _c390827
_d390827
003 BLK
005 20221208031024.0
008 180412b bul|||||r ||||||| ||bul||
010 _aKNG00008312000
040 _aBLK
041 _aFRE
_cFRE
080 _aНаказателно право. Наказателен процес. Учение за престъплението. Криминология. Вж и 341.4 ; 344 ; 348
_b343
_z343
100 _91299
_aAdolphe, Chauveau
_eпърви автор
139 _aAdolphe, Chauveau et al.
245 1 0 _aTheorie du Code penal
_cChauveau Adolphe, Faustin Helie; ed. annotee et mise au courant de la legislation et de la jurisprudence par Edmond Villey.
_bT. I-VI
_nT. II
250 _a6. Ed.
257 _aFRA
260 _aParis
_bMarchal et Billard
_c1887
_9435752
300 _c22 см
380 _a3
490 _9435080
_aКолекция Редки и ценни издания
650 7 _aНаказателно право - теория
_9163207
653 _aнаказателно право
653 _aнаказателно-процесуално право
700 _aHelie, Faustin
_eсъавт.
_91445
700 _aVilley, Edmond
_ered.
_9217
760 _h677 c.
_oT. II
852 _aРф 887
_bРц
856 4 _qpdf
_u
856 4 _qpdf
_u
942 _cKNG
_n0
_s1
944 _aCR
_c2020-10-29
_kВК
944 _aED
_c13.06.2005
999 _d390825
999 _d390825
999 _d7048